000
00451nam a2200157Ia 4500
008
100122s9999 xx 000 0 und d
082
_b
29237
_a
823.08
100
_a
माळवदे रमण
245
_a
ब्रम्हाक्षर
250
_a
0
260
_b
ढवळे प्रकाशन
_c
1905
300
_a
135
630
_a
ब्रम्हाक्षर
730
_a
ब्रम्हाक्षर
942
_c
BOOK
999
_c
414662
_d
414659